Statistics for Bob's Burgers - Picture Quiz

Click here to take the quiz!

General Stats

  • This quiz has been taken 96 times
  • The average score is 12 of 16

Answer Stats

Answer% Correct
Bob Belcher
100%
Linda Belcher
100%
Tina Belcher
99%
Gene Belcher
98%
Louise Belcher
96%
Jimmy Pesto
95%
Teddy
95%
Calvin Fischoeder
78%
Gretchen
67%
Marshmallow
67%
Logan Bush
56%
Courtney Wheeler
54%
Kuchi Kopi
54%
Mike Wobbles
54%
Mr Business
49%
Edith Cranwinkle
43%

Score Distribution

Percentile by Number Answered

Percent of People with Each Score

Your Score History

You have not taken this quiz